000 00310nam a2200109Ia 4500
001 588643
005 20250717120835.0
008 250717s9999 xx 000 0 und d
245 0 _aV-5 TUZ DEDEKTİFLERİ ESRARENGİZ MEKTUP KİMİN
_cFATMA ÇAĞDAŞ ÇÖREKÇİ
260 _bERDEM YAYINLARI
_c2019
300 _b78
999 _c588643
_d588643